000
00309nam a22001337a 4500
008
170316b xxu||||| |||| 00| 0 eng d
020
_a
9781568217390
041
_a
eng
080
_a
616.8
100
_a
7
101
_a
SHM
245
_a
THE NEUROLOGICAL BOUNDARIES OF REALITY
_c
CRITCHLEY, E
942
_2
udc
_c
BK
999
_c
7996
_d
7996